[Event "White Rook U14 Final 2019"]
[Site "Sochi"]
[Date "2019.06.06"]
[Round "2.15"]
[White "Eperin, Andrey"]
[Black "Lazojev, Mark"]
[Result "1-0"]
[WhiteElo "1288"]
[BlackElo "1179"]
[Annotator "NA RC"]
[PlyCount "93"]
[EventDate "2019.06.02"]
[EventCountry "RUS"]
[SourceTitle "playchess.com"]
[Source "ChessBase"]
[SourceQuality "1"]
[TimeControl "5400+30"]

1. e4 {[%emt 0:00:00]} e5 {[%emt 0:00:05]} 2. Nf3 {[%emt 0:00:05]} Nc6 {[%emt 0:00:03]} 3. d4 {[%emt 0:00:08]} exd4 {[%emt 0:00:07]} 4. Bc4 {[%emt 0:00:03]} Be7 {[%emt 0:06:26]} 5. Nxd4 {[%emt 0:00:09]} Nf6 {[%emt 0:00:36]} 6. Nc3 {[%emt 0:00:28]} Bb4 {[%emt 0:01:35]} 7. Nxc6 {[%emt 0:04:10]} Bxc3+ {[%emt 0:03:39]} 8. bxc3 {[%emt 0:00:13]} bxc6 {[%emt 0:03:23]} 9. e5 {[%emt 0:01:16]} Ng8 {[%emt 0:07:32]} 10. O-O {[%emt 0:00:47]} Ne7 {[%emt 0:02:16]} 11. Bg5 {[%emt 0:00:34]} O-O {[%emt 0:01:20]} 12. f4 {[%emt 0:00:51]} d5 {[%emt 0:04:58]} 13. exd6 {[%emt 0:00:14]} cxd6 {[%emt 0:06:19]} 14. Kh1 {[%emt 0:09:03]} Re8 {[%emt 0:12:00]} 15. Re1 {[%emt 0:00:35]} d5 {[%emt 0:01:52]} 16. Bd3 {[%emt 0:00:12]} f6 {[%emt 0:03:52]} 17. Bh4 {[%emt 0:09:03]} Nf5 {[%emt 0:03:17]} 18. Bf2 {[%emt 0:07:59]} Nd6 {[%emt 0:04:02]} 19. Bc5 {[%emt 0:08:52]} Nb7 {[%emt 0:05:38]} 20. Ba3 {[%emt 0:01:44]} Rxe1+ {[%emt 0:04:12]} 21. Qxe1 {[%emt 0:00:10]} Qd7 {[%emt 0:07:30]} 22. Qh4 {[%emt 0:01:20]} h6 {[%emt 0:02:14]} 23. Re1 {[%emt 0:00:47]} c5 {[%emt 0:01:41]} 24. Bg6 {[%emt 0:00:10]} Nd6 {[%emt 0:01:44]} 25. Bxc5 {[%emt 0:00:34]} Ba6 {[%emt 0:00:38]} 26. Bxd6 {[%emt 0:09:34]} Qxd6 {[%emt 0:00:01]} 27. f5 {[%emt 0:00:49]} Rb8 {[%emt 0:01:07]} 28. Qa4 {[%emt 0:01:24]} Qe5 {[%emt 0:01:39]} 29. Rg1 {[%emt 0:03:16]} Qd6 {[%emt 0:01:05]} 30. Qd4 {[%emt 0:00:40]} Qd7 {[%emt 0:00:50]} 31. h3 {[%emt 0:00:54]} Bc4 {[%emt 0:00:21]} 32. Ra1 {[%emt 0:08:47]} Rb2 {[%emt 0:00:26]} 33. Qf4 {[%emt 0:00:58]} Qc8 {[%emt 0:00:56]} 34. Re1 {[%emt 0:02:13]} Bb5 {[%emt 0:00:23]} 35. Qd4 {[%emt 0:00:17]} Bc6 {[%emt 0:00:38]} 36. Qxa7 {[%emt 0:00:30]} Rb7 {[%emt 0:00:21]} 37. Qa3 {[%emt 0:01:28]} Qb8 {[%emt 0:00:47]} 38. Qc5 {[%emt 0:01:40]} Qc7 {[%emt 0:01:25]} 39. Qe3 {[%emt 0:01:29]} Rb8 {[%emt 0:01:00]} 40. Kg1 {[%emt 0:05:21]} Qb7 {[%emt 0:00:53]} 41. Qe7 {[%emt 0:01:09]} Qb6+ {[%emt 0:00:32]} 42. Kh2 {[%emt 0:00:49]} Qf2 {[%emt 0:00:51]} 43. Qe3 {[%emt 0:00:33]} Qxc2 {[%emt 0:02:00]} 44. Qe6+ {[%emt 0:00:10]} Kh8 {[%emt 0:00:28]} 45. Qxc6 {[%emt 0:00:11]} Qf2 {[%emt 0:00:29]} 46. Re8+ {[%emt 0:00:13]} Rxe8 {[%emt 0:00:23]} 47. Qxe8# {[%emt 0:00:02]} 1-0

[Event "White Rook U14 Final 2019"]
[Site "Sochi"]
[Date "2019.06.06"]
[Round "2.16"]
[White "Poluektova, Arina"]
[Black "Noyanzina, Sofia"]
[Result "0-1"]
[WhiteElo "1313"]
[BlackElo "1318"]
[Annotator "NA RC"]
[PlyCount "78"]
[EventDate "2019.06.02"]
[EventCountry "RUS"]
[SourceTitle "playchess.com"]
[Source "ChessBase"]
[SourceQuality "1"]
[TimeControl "5400+30"]

1. e4 {[%emt 0:00:00]} c5 {[%emt 0:00:00]} 2. Nf3 {[%emt 0:00:00]} Nc6 {[%emt 0:00:00]} 3. c3 {[%emt 0:00:00]} d5 {[%emt 0:00:00]} 4. exd5 {[%emt 0:01:00]} Qxd5 {[%emt 0:00:00]} 5. d4 {[%emt 0:00:45]} Nf6 {[%emt 0:04:43]} 6. Be3 {[%emt 0:01:58]} cxd4 {[%emt 0:01:13]} 7. Nxd4 {[%emt 0:00:00]} Nxd4 {[%emt 0:01:53]} 8. Qxd4 {[%emt 0:01:57]} e5 {[%emt 0:01:43]} 9. Qxd5 {[%emt 0:00:58]} Nxd5 {[%emt 0:00:08]} 10. Bb5+ {[%emt 0:03:48]} Bd7 {[%emt 0:01:12]} 11. Bxd7+ {[%emt 0:01:21]} Kxd7 {[%emt 0:00:00]} 12. Bd2 {[%emt 0:08:04]} Bc5 {[%emt 0:01:36]} 13. O-O {[%emt 0:01:27]} Rhe8 {[%emt 0:01:00]} 14. c4 {[%emt 0:01:34]} Nb6 {[%emt 0:13:18]} 15. b3 {[%emt 0:01:51]} Kc6 {[%emt 0:02:52]} 16. Re1 {[%emt 0:02:56]} Rad8 {[%emt 0:01:43]} 17. Bc3 {[%emt 0:03:05]} Rd3 {[%emt 0:02:45]} 18. b4 {[%emt 0:06:16]} Na4 {[%emt 0:03:42]} 19. b5+ {[%emt 0:03:06]} Kd7 {[%emt 0:02:57]} 20. Rc1 {[%emt 0:03:41]} Nxc3 {[%emt 0:00:13]} 21. Nxc3 {[%emt 0:00:20]} Bd4 {[%emt 0:00:55]} 22. Ne4 {[%emt 0:03:05]} Bxa1 {[%emt 0:00:12]} 23. Nc5+ {[%emt 0:00:17]} Kc7 {[%emt 0:00:06]} 24. Nxd3 {[%emt 0:00:26]} Rd8 {[%emt 0:00:46]} 25. Nb4 {[%emt 0:04:14]} Bb2 {[%emt 0:01:46]} 26. Rb1 {[%emt 0:00:11]} Rd2 {[%emt 0:02:01]} 27. g3 {[%emt 0:01:01]} Bd4 {[%emt 0:00:54]} 28. Rf1 {[%emt 0:01:34]} Bc5 {[%emt 0:00:24]} 29. Nd5+ {[%emt 0:00:19]} Kd6 {[%emt 0:00:08]} 30. Nc3 {[%emt 0:02:11]} f5 {[%emt 0:00:32]} 31. Kg2 {[%emt 0:15:22]} Bd4 {[%emt 0:01:16]} 32. Nd5 {[%emt 0:04:18]} Rxa2 {[%emt 0:01:11]} 33. Nb4 {[%emt 0:05:20]} Ra4 {[%emt 0:01:59]} 34. Rb1 {[%emt 0:01:00]} Kc5 {[%emt 0:01:51]} 35. Nd3+ {[%emt 0:06:14]} Kxc4 {[%emt 0:00:00]} 36. Ne1 {[%emt 0:06:19]} Ra1 {[%emt 0:01:32]} 37. Rxa1 {[%emt 0:02:23]} Bxa1 {[%emt 0:00:05]} 38. Nf3 {[%emt 0:01:59]} Kxb5 {[%emt 0:00:33]} 39. Kf1 {[%emt 0:00:11]} a5 {[%emt 0:00:27]} 0-1

[Event "White Rook U14 Final 2019"]
[Site "Sochi"]
[Date "2019.06.06"]
[Round "2.17"]
[White "Ogorodnikov, Nikolai"]
[Black "Voloshkin, Daniil"]
[Result "1/2-1/2"]
[WhiteElo "1803"]
[BlackElo "1557"]
[Annotator "NA RC"]
[PlyCount "56"]
[EventDate "2019.06.02"]
[EventCountry "RUS"]
[SourceTitle "playchess.com"]
[Source "ChessBase"]
[SourceQuality "1"]
[TimeControl "5400+30"]

1. c4 {[%emt 0:00:00]} c5 {[%emt 0:00:00]} 2. Nc3 {[%emt 0:00:00]} Nf6 {[%emt 0:00:00]} 3. g3 {[%emt 0:00:00]} d5 {[%emt 0:00:00]} 4. cxd5 {[%emt 0:00:00]} Nxd5 {[%emt 0:00:22]} 5. Bg2 {[%emt 0:00:00]} Nc7 {[%emt 0:00:00]} 6. Nf3 {[%emt 0:00:00]} Nc6 {[%emt 0:00:20]} 7. d3 {[%emt 0:00:20]} e5 {[%emt 0:01:48]} 8. Be3 {[%emt 0:00:49]} f6 {[%emt 0:11:31]} 9. Nd2 {[%emt 0:02:47]} Nd4 {[%emt 0:17:33]} 10. Nc4 {[%emt 0:03:07]} Be7 {[%emt 0:18:15]} 11. Rc1 {[%emt 0:03:38]} O-O {[%emt 0:02:04]} 12. O-O {[%emt 0:02:31]} Rb8 {[%emt 0:09:05]} 13. Bxd4 {[%emt 0:01:12]} cxd4 {[%emt 0:01:04]} 14. Nb1 {[%emt 0:02:24]} Be6 {[%emt 0:02:31]} 15. f4 {[%emt 0:01:07]} Bd6 {[%emt 0:24:10]} 16. Nxd6 {[%emt 0:03:14]} Qxd6 {[%emt 0:00:00]} 17. Nd2 {[%emt 0:00:56]} Nb5 {[%emt 0:04:58]} 18. Nc4 {[%emt 0:00:08]} Bxc4 {[%emt 0:00:41]} 19. Rxc4 {[%emt 0:00:38]} Qd7 {[%emt 0:02:15]} 20. Qb3 {[%emt 0:00:28]} Kh8 {[%emt 0:00:00]} 21. Rc5 {[%emt 0:03:29]} Nc7 {[%emt 0:00:46]} 22. Rfc1 {[%emt 0:00:45]} Na6 {[%emt 0:00:43]} 23. R5c2 {[%emt 0:01:52]} exf4 {[%emt 0:01:33]} 24. gxf4 {[%emt 0:00:04]} Qg4 {[%emt 0:00:34]} 25. Rf1 {[%emt 0:03:01]} Rfe8 {[%emt 0:00:28]} 26. Kh1 {[%emt 0:02:22]} Qd7 {[%emt 0:00:58]} 27. Be4 {[%emt 0:07:48]} f5 {[%emt 0:00:20]} 28. Bg2 {[%emt 0:06:12]} Nc7 {[%emt 0:00:37]} 1/2-1/2

[Event "White Rook U14 Final 2019"]
[Site "Sochi"]
[Date "2019.06.06"]
[Round "2.18"]
[White "Vorzhevitin, Dmitriy"]
[Black "Cherniaev, Danil"]
[Result "0-1"]
[WhiteElo "1346"]
[BlackElo "1557"]
[Annotator "NA RC"]
[PlyCount "114"]
[EventDate "2019.06.02"]
[EventCountry "RUS"]
[SourceTitle "playchess.com"]
[Source "ChessBase"]
[SourceQuality "1"]
[TimeControl "5400+30"]

1. e4 {[%emt 0:00:00]} c6 {[%emt 0:00:00]} 2. d4 {[%emt 0:00:00]} d5 {[%emt 0:00:00]} 3. Nc3 {[%emt 0:01:11]} dxe4 {[%emt 0:00:00]} 4. Nxe4 {[%emt 0:00:40]} Bf5 {[%emt 0:00:00]} 5. Ng3 {[%emt 0:00:46]} Bg6 {[%emt 0:00:00]} 6. h4 {[%emt 0:00:56]} h6 {[%emt 0:00:00]} 7. h5 {[%emt 0:01:40]} Bh7 {[%emt 0:00:02]} 8. Nf3 {[%emt 0:00:35]} Nd7 {[%emt 0:00:00]} 9. Bd3 {[%emt 0:01:24]} Bxd3 {[%emt 0:00:00]} 10. Qxd3 {[%emt 0:01:08]} e6 {[%emt 0:00:43]} 11. Bd2 {[%emt 0:00:08]} Qc7 {[%emt 0:00:05]} 12. O-O-O {[%emt 0:02:16]} Ngf6 {[%emt 0:00:37]} 13. Ne4 {[%emt 0:00:29]} O-O-O {[%emt 0:00:00]} 14. Kb1 {[%emt 0:03:47]} Be7 {[%emt 0:00:00]} 15. c4 {[%emt 0:04:12]} c5 {[%emt 0:02:39]} 16. Bc3 {[%emt 0:07:03]} cxd4 {[%emt 0:04:44]} 17. Bxd4 {[%emt 0:18:04]} Nc5 {[%emt 0:03:52]} 18. Nxc5 {[%emt 0:01:20]} Bxc5 {[%emt 0:00:37]} 19. Qe2 {[%emt 0:02:56]} Bxd4 {[%emt 0:00:05]} 20. Rxd4 {[%emt 0:03:23]} Rxd4 {[%emt 0:00:27]} 21. Nxd4 {[%emt 0:00:39]} a6 {[%emt 0:02:35]} 22. c5 {[%emt 0:12:15]} Rd8 {[%emt 0:02:04]} 23. Nf3 {[%emt 0:02:31]} Rd5 {[%emt 0:04:37]} 24. b4 {[%emt 0:04:02]} Qf4 {[%emt 0:08:46]} 25. Rh4 {[%emt 0:08:28]} Qf5+ {[%emt 0:04:52]} 26. Ka1 {[%emt 0:00:08]} Nxh5 {[%emt 0:12:41]} 27. g3 {[%emt 0:05:48]} Nf6 {[%emt 0:03:19]} 28. Rf4 {[%emt 0:01:55]} Qh5 {[%emt 0:02:04]} 29. Rh4 {[%emt 0:00:55]} Qg6 {[%emt 0:02:04]} 30. Ne5 {[%emt 0:00:00]} Qg5 {[%emt 0:00:21]} 31. f4 {[%emt 0:06:20]} Qxg3 {[%emt 0:00:56]} 32. Rh1 {[%emt 0:03:12]} Qxf4 {[%emt 0:00:36]} 33. Nxf7 {[%emt 0:02:01]} Qd4+ {[%emt 0:01:53]} 34. Kb1 {[%emt 0:01:36]} Qxb4+ {[%emt 0:00:00]} 35. Ka1 {[%emt 0:00:02]} Qd4+ {[%emt 0:00:48]} 36. Kb1 {[%emt 0:00:06]} Qe4+ {[%emt 0:00:10]} 37. Qxe4 {[%emt 0:00:00]} Nxe4 {[%emt 0:00:00]} 38. Rg1 {[%emt 0:00:39]} g5 {[%emt 0:01:00]} 39. Nxh6 {[%emt 0:00:00]} Nxc5 {[%emt 0:00:13]} 40. Nf7 {[%emt 0:00:29]} Ne4 {[%emt 0:01:04]} 41. Rg4 {[%emt 0:00:24]} Nc3+ {[%emt 0:01:11]} 42. Kb2 {[%emt 0:00:37]} Nd1+ {[%emt 0:00:17]} 43. Kc1 {[%emt 0:00:24]} Ne3 {[%emt 0:01:40]} 44. Rxg5 {[%emt 0:00:58]} Rxg5 {[%emt 0:00:00]} 45. Nxg5 {[%emt 0:00:00]} Kd7 {[%emt 0:00:08]} 46. Ne4 {[%emt 0:00:14]} Kc6 {[%emt 0:01:03]} 47. Kd2 {[%emt 0:00:11]} Nc4+ {[%emt 0:00:14]} 48. Kc3 {[%emt 0:00:20]} Nd6 {[%emt 0:00:33]} 49. Nf6 {[%emt 0:01:07]} Nf5 {[%emt 0:00:16]} 50. Ne4 {[%emt 0:01:09]} a5 {[%emt 0:02:06]} 51. a4 {[%emt 0:00:46]} b6 {[%emt 0:01:40]} 52. Kd3 {[%emt 0:02:04]} Nd6 {[%emt 0:00:13]} 53. Nf6 {[%emt 0:01:08]} Nb7 {[%emt 0:00:19]} 54. Ng4 {[%emt 0:01:31]} Nc5+ {[%emt 0:00:00]} 55. Kc4 {[%emt 0:00:40]} Nxa4 {[%emt 0:01:27]} 56. Ne5+ {[%emt 0:00:05]} Kd6 {[%emt 0:00:12]} 57. Nf7+ {[%emt 0:00:05]} Kc7 {[%emt 0:00:24]} 0-1

[Event "White Rook U14 Final 2019"]
[Site "Sochi"]
[Date "2019.06.06"]
[Round "2.19"]
[White "Voloshenyuk, Gleb"]
[Black "Zenkov, Maksim"]
[Result "0-1"]
[WhiteElo "1235"]
[BlackElo "1394"]
[Annotator "NA RC"]
[PlyCount "94"]
[EventDate "2019.06.02"]
[EventCountry "RUS"]
[SourceTitle "playchess.com"]
[Source "ChessBase"]
[SourceQuality "1"]
[TimeControl "5400+30"]

1. e4 {[%emt 0:00:00]} e6 {[%emt 0:00:00]} 2. d4 {[%emt 0:00:00]} d5 {[%emt 0:00:00]} 3. exd5 {[%emt 0:00:00]} exd5 {[%emt 0:00:00]} 4. Bd3 {[%emt 0:00:36]} Bd6 {[%emt 0:00:00]} 5. h3 {[%emt 0:00:39]} Ne7 {[%emt 0:00:40]} 6. Nf3 {[%emt 0:02:42]} f6 {[%emt 0:03:59]} 7. O-O {[%emt 0:04:13]} Be6 {[%emt 0:00:15]} 8. Re1 {[%emt 0:07:52]} Qd7 {[%emt 0:00:20]} 9. Nh2 {[%emt 0:19:12]} Nbc6 {[%emt 0:04:08]} 10. c3 {[%emt 0:04:27]} O-O-O {[%emt 0:00:34]} 11. Qf3 {[%emt 0:03:34]} Ng6 {[%emt 0:02:49]} 12. Rxe6 {[%emt 0:16:51]} Nh4 {[%emt 0:16:05]} 13. Qg4 {[%emt 0:02:48]} h5 {[%emt 0:03:14]} 14. Qe2 {[%emt 0:03:39]} Be5 {[%emt 0:16:06]} 15. Rxc6 {[%emt 0:09:00]} Bxh2+ {[%emt 0:00:48]} 16. Kxh2 {[%emt 0:01:28]} Qxc6 {[%emt 0:00:43]} 17. g3 {[%emt 0:03:08]} Rde8 {[%emt 0:03:12]} 18. Qd1 {[%emt 0:00:34]} Re1 {[%emt 0:02:43]} 19. Qc2 {[%emt 0:04:43]} g5 {[%emt 0:08:53]} 20. Bd2 {[%emt 0:05:08]} Nf3+ {[%emt 0:01:34]} 21. Kg2 {[%emt 0:01:03]} g4 {[%emt 0:00:14]} 22. Bf1 {[%emt 0:01:58]} gxh3+ {[%emt 0:08:15]} 23. Kxh3 {[%emt 0:02:16]} Rxf1 {[%emt 0:05:20]} 24. Qf5+ {[%emt 0:02:09]} Qd7 {[%emt 0:00:03]} 25. Qxd7+ {[%emt 0:00:25]} Kxd7 {[%emt 0:00:00]} 26. Be3 {[%emt 0:01:11]} Rg1 {[%emt 0:02:17]} 27. a4 {[%emt 0:00:28]} f5 {[%emt 0:01:08]} 28. Nd2 {[%emt 0:02:08]} Rxa1 {[%emt 0:00:24]} 29. Nxf3 {[%emt 0:00:17]} Rxa4 {[%emt 0:00:23]} 30. Ne5+ {[%emt 0:00:13]} Ke6 {[%emt 0:00:09]} 31. Nf3 {[%emt 0:00:08]} Ra2 {[%emt 0:00:28]} 32. Ng5+ {[%emt 0:01:03]} Kf6 {[%emt 0:00:27]} 33. Bf4 {[%emt 0:00:13]} Rg8 {[%emt 0:02:01]} 34. Nf3 {[%emt 0:00:00]} c6 {[%emt 0:01:07]} 35. Be5+ {[%emt 0:00:30]} Ke6 {[%emt 0:00:08]} 36. Kh4 {[%emt 0:00:05]} Rxb2 {[%emt 0:00:12]} 37. Ng5+ {[%emt 0:00:32]} Rxg5 {[%emt 0:00:43]} 38. Kxg5 {[%emt 0:00:16]} Rxf2 {[%emt 0:00:34]} 39. Kxh5 {[%emt 0:00:08]} a5 {[%emt 0:00:00]} 40. Bf4 {[%emt 0:00:20]} Rxf4 {[%emt 0:00:09]} 41. gxf4 {[%emt 0:00:08]} a4 {[%emt 0:00:00]} 42. Kg6 {[%emt 0:00:15]} a3 {[%emt 0:00:04]} 43. Kg7 {[%emt 0:00:07]} a2 {[%emt 0:00:05]} 44. c4 {[%emt 0:00:28]} a1=Q {[%emt 0:00:06]} 45. c5 {[%emt 0:00:14]} Qg1+ {[%emt 0:00:13]} 46. Kf8 {[%emt 0:00:24]} Qg4 {[%emt 0:00:01]} 47. Ke8 {[%emt 0:00:19]} Qg8# {[%emt 0:00:05]} 0-1

[Event "White Rook U14 Final 2019"]
[Site "Sochi"]
[Date "2019.06.06"]
[Round "2.20"]
[White "Golikova, Alisa"]
[Black "Tsaregorodtseva, Varvara"]
[Result "1-0"]
[WhiteElo "1252"]
[BlackElo "1235"]
[Annotator "NA RC"]
[PlyCount "37"]
[EventDate "2019.06.02"]
[EventCountry "RUS"]
[SourceTitle "playchess.com"]
[Source "ChessBase"]
[SourceQuality "1"]
[TimeControl "5400+30"]

1. e4 {[%emt 0:00:00]} d5 {[%emt 0:00:00]} 2. exd5 {[%emt 0:00:00]} Qxd5 {[%emt 0:00:00]} 3. Nf3 {[%emt 0:00:00]} Nf6 {[%emt 0:00:00]} 4. d4 {[%emt 0:00:00]} Nc6 {[%emt 0:00:08]} 5. Be2 {[%emt 0:01:12]} Bg4 {[%emt 0:03:13]} 6. O-O {[%emt 0:00:45]} O-O-O {[%emt 0:03:19]} 7. c4 {[%emt 0:02:17]} Qh5 {[%emt 0:04:45]} 8. d5 {[%emt 0:02:02]} Qg6 {[%emt 0:01:06]} 9. Bd3 {[%emt 0:09:20]} Bf5 {[%emt 0:01:12]} 10. Nh4 {[%emt 0:02:05]} Bg4 {[%emt 0:01:56]} 11. Nxg6 {[%emt 0:07:33]} Bxd1 {[%emt 0:00:23]} 12. Nxh8 {[%emt 0:00:21]} Ne5 {[%emt 0:01:03]} 13. Rxd1 {[%emt 0:00:56]} e6 {[%emt 0:00:25]} 14. Bf4 {[%emt 0:02:04]} Nxd3 {[%emt 0:01:40]} 15. Rxd3 {[%emt 0:00:00]} Re8 {[%emt 0:06:01]} 16. Nxf7 {[%emt 0:02:06]} exd5 {[%emt 0:00:33]} 17. Nc3 {[%emt 0:01:25]} dxc4 {[%emt 0:00:39]} 18. Rd4 {[%emt 0:00:18]} Re7 {[%emt 0:09:11]} 19. Rd8# {[%emt 0:00:48]} 1-0

[Event "White Rook U14 Final 2019"]
[Site "Sochi"]
[Date "2019.06.06"]
[Round "2.21"]
[White "Epifanov, Anton"]
[Black "Suvanbekov, Jahangir"]
[Result "1-0"]
[WhiteElo "1773"]
[BlackElo "1569"]
[Annotator "NA RC"]
[PlyCount "93"]
[EventDate "2019.06.02"]
[EventCountry "RUS"]
[SourceTitle "playchess.com"]
[Source "ChessBase"]
[SourceQuality "1"]
[TimeControl "5400+30"]

1. c4 {[%emt 0:00:00]} e5 {[%emt 0:00:00]} 2. g3 {[%emt 0:00:00]} c6 {[%emt 0:00:00]} 3. Bg2 {[%emt 0:00:00]} d5 {[%emt 0:00:43]} 4. d3 {[%emt 0:00:36]} Bb4+ {[%emt 0:00:19]} 5. Bd2 {[%emt 0:00:00]} Bxd2+ {[%emt 0:00:07]} 6. Nxd2 {[%emt 0:00:00]} Bf5 {[%emt 0:00:19]} 7. cxd5 {[%emt 0:00:27]} cxd5 {[%emt 0:00:00]} 8. Qb3 {[%emt 0:00:35]} Ne7 {[%emt 0:05:03]} 9. Qxb7 {[%emt 0:08:29]} Nbc6 {[%emt 0:00:11]} 10. Qa6 {[%emt 0:01:57]} Rb8 {[%emt 0:01:44]} 11. Ngf3 {[%emt 0:15:14]} Rxb2 {[%emt 0:04:11]} 12. Qa3 {[%emt 0:03:16]} Rb8 {[%emt 0:04:59]} 13. O-O {[%emt 0:01:04]} O-O {[%emt 0:02:49]} 14. Rab1 {[%emt 0:03:28]} Qd7 {[%emt 0:08:25]} 15. Rfc1 {[%emt 0:02:02]} e4 {[%emt 0:03:22]} 16. Ne1 {[%emt 0:00:35]} Nd4 {[%emt 0:02:43]} 17. Bf1 {[%emt 0:06:52]} Bg4 {[%emt 0:04:10]} 18. e3 {[%emt 0:00:16]} Ne2+ {[%emt 0:02:33]} 19. Bxe2 {[%emt 0:00:10]} Bxe2 {[%emt 0:00:05]} 20. dxe4 {[%emt 0:00:20]} dxe4 {[%emt 0:01:00]} 21. Nxe4 {[%emt 0:03:39]} Qh3 {[%emt 0:07:35]} 22. Ng2 {[%emt 0:00:13]} Rxb1 {[%emt 0:03:40]} 23. Rxb1 {[%emt 0:00:08]} Qd7 {[%emt 0:02:45]} 24. Qd6 {[%emt 0:08:17]} Qxd6 {[%emt 0:01:28]} 25. Nxd6 {[%emt 0:00:41]} Rd8 {[%emt 0:00:31]} 26. Ne4 {[%emt 0:01:48]} Rd1+ {[%emt 0:00:53]} 27. Rxd1 {[%emt 0:00:40]} Bxd1 {[%emt 0:00:01]} 28. Nc3 {[%emt 0:00:03]} Bc2 {[%emt 0:01:11]} 29. Ne1 {[%emt 0:00:07]} Bf5 {[%emt 0:00:00]} 30. Nf3 {[%emt 0:00:30]} Nc6 {[%emt 0:00:28]} 31. Nd4 {[%emt 0:00:54]} Nxd4 {[%emt 0:00:00]} 32. exd4 {[%emt 0:00:00]} Bd7 {[%emt 0:00:00]} 33. Kg2 {[%emt 0:00:00]} f5 {[%emt 0:00:16]} 34. Kf3 {[%emt 0:00:19]} Kf7 {[%emt 0:00:29]} 35. Ke3 {[%emt 0:01:01]} Ke6 {[%emt 0:00:16]} 36. d5+ {[%emt 0:00:00]} Kd6 {[%emt 0:00:13]} 37. Kd4 {[%emt 0:00:03]} a6 {[%emt 0:07:17]} 38. Nd1 {[%emt 0:00:06]} Bb5 {[%emt 0:02:14]} 39. Ne3 {[%emt 0:00:09]} g6 {[%emt 0:00:00]} 40. Nc4+ {[%emt 0:00:11]} Bxc4 {[%emt 0:00:00]} 41. Kxc4 {[%emt 0:00:05]} g5 {[%emt 0:00:19]} 42. Kd4 {[%emt 0:00:04]} h6 {[%emt 0:00:46]} 43. f4 {[%emt 0:00:08]} g4 {[%emt 0:00:19]} 44. a3 {[%emt 0:00:05]} h5 {[%emt 0:00:12]} 45. a4 {[%emt 0:00:04]} a5 {[%emt 0:00:00]} 46. Kc4 {[%emt 0:00:04]} Kc7 {[%emt 0:00:00]} 47. Kc5 {[%emt 0:00:03]} 1-0

[Event "White Rook U14 Final 2019"]
[Site "Sochi"]
[Date "2019.06.06"]
[Round "2.22"]
[White "Solomko, Artur"]
[Black "Muravskii, Mikhail"]
[Result "1-0"]
[WhiteElo "1498"]
[BlackElo "1186"]
[Annotator "NA RC"]
[PlyCount "53"]
[EventDate "2019.06.02"]
[EventCountry "RUS"]
[SourceTitle "playchess.com"]
[Source "ChessBase"]
[SourceQuality "1"]
[TimeControl "5400+30"]

1. e4 {[%emt 0:00:00]} Nf6 {[%emt 0:00:00]} 2. e5 {[%emt 0:00:00]} Nd5 {[%emt 0:00:00]} 3. Bc4 {[%emt 0:00:00]} Nb6 {[%emt 0:00:00]} 4. Bb3 {[%emt 0:00:00]} Nc6 {[%emt 0:00:00]} 5. d4 {[%emt 0:00:00]} d6 {[%emt 0:00:29]} 6. exd6 {[%emt 0:01:56]} cxd6 {[%emt 0:00:08]} 7. Nf3 {[%emt 0:00:00]} Bg4 {[%emt 0:00:00]} 8. Bxf7+ {[%emt 0:00:27]} Kxf7 {[%emt 0:00:34]} 9. Ng5+ {[%emt 0:00:00]} Ke8 {[%emt 0:00:10]} 10. Qxg4 {[%emt 0:00:00]} Qc8 {[%emt 0:00:47]} 11. Qf4 {[%emt 0:02:32]} Nb4 {[%emt 0:04:17]} 12. Qf7+ {[%emt 0:05:01]} Kd8 {[%emt 0:02:29]} 13. Na3 {[%emt 0:00:05]} Nxc2+ {[%emt 0:00:28]} 14. Nxc2 {[%emt 0:23:29]} Qxc2 {[%emt 0:01:44]} 15. Bf4 {[%emt 0:00:08]} Rc8 {[%emt 0:02:26]} 16. O-O {[%emt 0:02:24]} Qe2 {[%emt 0:14:53]} 17. Rfe1 {[%emt 0:01:45]} Qb5 {[%emt 0:07:21]} 18. Ne6+ {[%emt 0:01:43]} Kd7 {[%emt 0:01:45]} 19. Nxf8+ {[%emt 0:00:17]} Rcxf8 {[%emt 0:02:35]} 20. Rxe7+ {[%emt 0:00:33]} Kd8 {[%emt 0:00:02]} 21. Qe6 {[%emt 0:00:00]} Rf6 {[%emt 0:01:13]} 22. Qe4 {[%emt 0:11:33]} Qc6 {[%emt 0:01:29]} 23. Bg5 {[%emt 0:02:44]} d5 {[%emt 0:11:27]} 24. Qe1 {[%emt 0:02:04]} Rg6 {[%emt 0:01:59]} 25. Re8+ {[%emt 0:02:49]} Kc7 {[%emt 0:06:36]} 26. Qe7+ {[%emt 0:02:23]} Nd7 {[%emt 0:00:09]} 27. Qd8+ {[%emt 0:00:15]} 1-0

[Event "White Rook U14 Final 2019"]
[Site "Sochi"]
[Date "2019.06.06"]
[Round "2.25"]
[White "Buyarov, Maxim"]
[Black "Khanin, Mikhail E."]
[Result "0-1"]
[WhiteElo "1493"]
[BlackElo "1692"]
[Annotator "NA RC"]
[PlyCount "50"]
[EventDate "2019.06.02"]
[EventCountry "RUS"]
[SourceTitle "playchess.com"]
[Source "ChessBase"]
[SourceQuality "1"]
[TimeControl "5400+30"]

1. e4 {[%emt 0:00:00]} e6 {[%emt 0:00:00]} 2. d4 {[%emt 0:00:00]} d5 {[%emt 0:00:00]} 3. e5 {[%emt 0:00:39]} c5 {[%emt 0:00:00]} 4. c3 {[%emt 0:00:00]} Qb6 {[%emt 0:00:00]} 5. Nf3 {[%emt 0:00:58]} Nc6 {[%emt 0:00:00]} 6. a3 {[%emt 0:00:16]} c4 {[%emt 0:00:00]} 7. g3 {[%emt 0:04:34]} Na5 {[%emt 0:00:07]} 8. Nbd2 {[%emt 0:02:22]} Bd7 {[%emt 0:00:59]} 9. Bh3 {[%emt 0:05:39]} Be7 {[%emt 0:02:23]} 10. O-O {[%emt 0:03:11]} h5 {[%emt 0:02:07]} 11. Ne1 {[%emt 0:03:44]} g5 {[%emt 0:03:52]} 12. Ng2 {[%emt 0:15:27]} g4 {[%emt 0:02:36]} 13. Bxg4 {[%emt 0:01:21]} hxg4 {[%emt 0:00:00]} 14. Qxg4 {[%emt 0:00:13]} O-O-O {[%emt 0:00:40]} 15. Qg7 {[%emt 0:02:56]} Nh6 {[%emt 0:06:31]} 16. Nxc4 {[%emt 0:03:11]} Nxc4 {[%emt 0:01:56]} 17. Bxh6 {[%emt 0:00:00]} Qxb2 {[%emt 0:03:58]} 18. Qxf7 {[%emt 0:10:41]} Rxh6 {[%emt 0:02:03]} 19. Rfb1 {[%emt 0:18:33]} Qxc3 {[%emt 0:04:22]} 20. Rc1 {[%emt 0:09:06]} Qxd4 {[%emt 0:03:36]} 21. Qxe7 {[%emt 0:00:56]} Qxe5 {[%emt 0:01:06]} 22. Ne3 {[%emt 0:01:18]} Qe4 {[%emt 0:04:31]} 23. Qc5+ {[%emt 0:02:22]} Bc6 {[%emt 0:00:35]} 24. Qxa7 {[%emt 0:06:45]} d4 {[%emt 0:01:52]} 25. f3 {[%emt 0:02:39]} Qxe3+ {[%emt 0:00:10]} 0-1